Statistiques concernant Géographie par lettre - I

Cliquez ici pour prendre le quiz!

Statistiques générales

  • Ce quiz a été pris 20 660 fois
  • Le résultat moyen est 12 sur 20

Statistiques - réponses

indiceréponse% Correct
Pays en forme de botteItalie
100%
Pays majoritairement juifIsraël
95%
Ville précédemment appelée ConstantinopleIstamboul
92%
Jakarta est sa capitaleIndonésie
87%
Pays qui a envahi le Koweït en 1990Irak
83%
Deuxième plus grande religion au mondeislam
83%
Île de la fête espagnoleIbiza
82%
État américain contenant ChicagoIllinois
80%
Aussi connu sous le nom ÉireIrlande
80%
Péninsule d'Espagne et du PortugalIbérique
74%
Pays et sous-continentInde
69%
État américain connu pour les pommes de terreIdaho
58%
Bande étroite de terre qui relie deux plus grandes masses terrestresisthme
38%
Ville hôte en Autriche des Jeux Olympiques d'hiverInnsbruck
33%
Célèbre plage de Rio de JaneiroIpanema
33%
La ville turque autrefois connue sous le nom de Smyrneİzmir
23%
« Capitale » des hauts plateaux écossaisInverness
16%
Petite île volcanique japonaise, site d'une célèbre bataille de 1945Iojima
15%
Rivière majeure au PakistanIndus
14%
Ville russe près du lac BaïkalIrkoutsk
12%

Distribution des résultats

Percentile par nombre de réponses

% des personnes avec chaque résultat

Votre développement - résultats

Vous n’avez pas pris ce quiz